000 00367nam a2200157 i 4500
001 bg
100 1 _aBAZYLOW, Ludwik
245 0 _aDzieje Rosji 1801-1917 /
_cLudwik Bazylow.
250 _aWyd.2 uzup. i rozsz.
260 _aWarszawa,
_c1977.
040 _cBPK
041 _apol
080 _a947"17/18"
942 _cKS
008 s pl f |000 0 pol
999 _c9702
_d9702
856 _uhttp://koha.tu.koszalin.pl/cgi-bin/koha/opac-detail.pl?biblionumber=9702
_yKatalog online BPK